00515 a2200133 4500010001400000020001100014035001300025037001600038082000800054245011800062260004100180270012500221300003500346 aENG-88819 c104.00 aEN-72352 bDBAD / PUB14a5401 aDisha's 20 years CBSE-PMT topic wise solved papers1988-2007- chemistry:bultimate book for step by step learning/ aNew DelhibDisha Publicationscn.d. aB-32, Basemant, Shivalik Main Road, Malviya Nagar,bNew Delhie110 017maiets@rediffmail.comk011-26691021, 011-26691713 avarious pagingsc24 cm. (Pbk).